| 000 | 00692nam a2200241 i 4500 | ||
|---|---|---|---|
| 001 | bg | ||
| 100 | 1 | _aHALES, John | |
| 245 | 1 | 0 |
_aNetWare 5 : _bpodręcznik administratora sieci / _cJohn Hales, Nestor Reyes. |
| 260 |
_aWarszawa : _b"Exit", _ccop.2000. |
||
| 300 |
_a375 s. : _brys. ; _c24 cm. |
||
| 500 | _aTyt. okł.: etware 5 podręcznik administratora. | ||
| 650 | 9 | _aNetWare | |
| 655 | _aPodręczniki | ||
| 700 | 1 | _aREYES, Nestor | |
| 020 | _a8387674168 | ||
| 040 | _cBPK | ||
| 041 | 1 |
_apl _hen |
|
| 080 | _a004.7:004.451](07) | ||
| 920 | _a83-87674-16-8 | ||
| 942 | _cKS | ||
| 008 | s pl f |000 0 pol | ||
| 999 |
_c38931 _d38931 |
||
| 856 |
_uhttp://koha.tu.koszalin.pl/cgi-bin/koha/opac-detail.pl?biblionumber=38931 _yKatalog online BPK |
||